Most Underpopulated Countries - Statistics

General Stats
  • This quiz has been taken 40 times
  • The average score is 16 of 20
Answer Stats
People Country % Correct
82 m Mongolia
97%
794 m Russia
97%
396 m Australia
95%
508 m Canada
95%
129 m Kazakhstan
95%
89 m Libya
89%
83 m Algeria
84%
255 m Brazil
84%
42 m Namibia
82%
107 m Argentina
79%
43 m Mali
79%
42 m Niger
79%
174 m United States
79%
50 m Chad
76%
83 m Saudi Arabia
76%
52 m Sudan
76%
47 m Bolivia
74%
51 m Mauritania
71%
36 m Peru
68%
30 m Angola
66%
No matching quizzes found
Score Distribution
Percent of People with Each Score
Percentile by Number Answered
Your Score History
You have not taken this quiz